Caso clínico notable de carcinoma medular difuso del hígado con cirrosis carcinomatosa... / (Record no. 158032)
[ view plain ]
| 000 -LEADER | |
|---|---|
| campo de control de longitud fija | 01104nam a22002175i 4500 |
| 001 - NÚMERO DE CONTROL | |
| campo de control | 158032 |
| 003 - IDENTIFICADOR DE NÚMERO DE CONTROL | |
| campo de control | ES-MaACL |
| 005 - FECHA Y HORA DE LA ÚLTIMA TRANSACCIÓN | |
| campo de control | 20250928112643.0 |
| 008 - DATOS DE LONGITUD FIJA--INFORMACIÓN GENERAL | |
| campo de control de longitud fija | 960828s1883 sp a |||| | spa d |
| 040 ## - FUENTE DE CATALOGACIÓN | |
| Centro catalogador/agencia de origen | CLM |
| Lengua de catalogación | spa |
| Centro/agencia transcriptor | CLM |
| 100 1# - ENTRADA PRINCIPAL--NOMBRE DE PERSONA | |
| Nombre de persona | López García, Leopoldo, |
| Fechas asociadas al nombre | 1854-1932 |
| 9 (RLIN) | 129206 |
| 245 10 - MENCIÓN DEL TÍTULO | |
| Título | Caso clínico notable de carcinoma medular difuso del hígado con cirrosis carcinomatosa... / |
| Mención de responsabilidad, etc. | por los doctores D. Leopoldo Lopez García...; y D. Juan Manuel Mariani y Larrion. |
| 260 ## - PUBLICACIÓN, DISTRIBUCIÓN, ETC. | |
| Lugar de publicación, distribución, etc. | Madrid : |
| Nombre del editor, distribuidor, etc. | Imprenta y Librería de Nicolás Moya, |
| Fecha de publicación, distribución, etc. | 1883. |
| 300 ## - DESCRIPCIÓN FÍSICA | |
| Extensión | 19, [1] en bl. p. : |
| Otras características físicas | il ; |
| Dimensiones | 23 cm. |
| 594 #1 - Nota al título y mención de responsabilidad | |
| Nota al título y mención de responsabilidad | Precede al tit.: Biblioteca de la Revista de Medicina y Cirugia Practicas. |
| 650 #4 - PUNTO DE ACCESO ADICIONAL DE MATERIA--TÉRMINO DE MATERIA | |
| Término de materia o nombre geográfico como elemento de entrada | Higado- |
| Subdivisión general | Cáncer. |
| 9 (RLIN) | 136227 |
| 700 11 - ENTRADA AGREGADA--NOMBRE PERSONAL | |
| Nombre de persona | Mariani y Larrión, Juan Manuel, |
| Fechas asociadas al nombre | 1853-1909 |
| 9 (RLIN) | 76681 |
| 852 ## - LOCALIZACIÓN | |
| Ubicación | ES-MaACL |
| Número de control de estantería | T-634-F-7 |
| Nota libre | -- Enc. hol. |
| -- | -- Ded. ms. del autor a Gustavo Saenz Diez |
| condición física | -- Falto de la cub. original |
| Nota libre | -- Enc. en un vol. facticio |
| 852 ## - LOCALIZACIÓN | |
| Ubicación | ES-MaACL |
| Número de control de estantería | T-376-F-13 |
| Nota libre | -- Enc. hol. |
| condición física | -- Falto de la cub. original |
| Nota libre | -- Enc. en un vol. facticio |
| Estatus retirado | Estado de pérdida | Estado de daño | No para préstamo | Colección | Biblioteca de origen | Biblioteca actual | Ubicación en estantería | Fecha de adquisición | Total de préstamos | Signatura topográfica completa | Código de barras | Visto por última vez | Precio de reemplazo | Tipo de ítem Koha |
|---|---|---|---|---|---|---|---|---|---|---|---|---|---|---|
| Colección de folletos | Biblioteca del Ateneo de Madrid | Biblioteca del Ateneo de Madrid | Depósito folletos | 17/01/2008 | T-376-F-13 | 1165394 | 23/02/2023 | 23/02/2023 | Folleto | |||||
| Colección de folletos | Biblioteca del Ateneo de Madrid | Biblioteca del Ateneo de Madrid | Depósito folletos | 17/01/2008 | T-634-F-7 | 1165393 | 23/02/2023 | 23/02/2023 | Folleto |
